Lýdia Lagová

Bibliographic Details
Main Author: Oríšek, Martin (Author)
Format: Article
Language:Slovak
PhysicalDescription:Obr. 11. Sch. Res., rus., angl., nem., franc.
Subjects:

MARC

LEADER 00000nab a2200000 a 4500
001 vtls000361520
003 SK-MaSNL
005 20260303161514.0
008 230223c1989 xo 0 slo
015 |a SNBRB19rr/mm-uuuuu 
035 |a CL0361642 
035 |a urn:nbn:sk:snk-abdnn3 
035 |a (urnnbn)urn:nbn:sk:snk:ar-001vx0 
035 |a (uuid)5e160d09-374c-4299-85a5-7a4f29212fdc 
040 |a SNKBUCL  |b slo  |c SNKBUCL  |e AACR2 
041 0 |a slo 
044 |a xo  |c SK 
080 |a 72.071.1  |2 1981 
080 |a 929 Lagová, Lýdia  |2 1981 
100 1 |a Oríšek, Martin  |4 aut  |9 1184003 
245 1 0 |a Lýdia Lagová  |c Martin Oríšek 
300 |b Obr. 11. Sch. Res., rus., angl., nem., franc. 
600 1 7 |a Lagová, Lýdia  |d ?-  |x profily  |2 snkbucl  |9 1184004 
650 0 7 |a Lagová, Lýdia  |2 snkbucl  |9 1184005 
655 7 |a články z novín a časopisov  |2 snkbucl  |9 267496 
773 0 |t Projekt  |g Roč. 31, č. 2 (1989), s. 32-37 
850 |a Slovenská národná knižnica v Martine  |a MTA001 
852 |a SNK  |b KIS3GCP 
954 |a odborná, vedecká literatúra pôvodná (slovenská)  |2 lita 
958 |a OND 
958 |a BX 
958 |a RK 
958 |a EUIPO 
958 |a article19 
992 |a RBX 
999 |c 2049539  |d 2051469